MARC

LEADER 00000nam0a2200000 4500
001 132284
005 20231101220344.0
035 |a (RuTPU)RU\TPU\book\143231 
090 |a 132284 
100 |a 20080228d2004 k y0rusy50 ca 
101 0 |a rus 
102 |a RU 
105 |a a b 001zy 
200 1 |a Кабели и провода различного назначения  |e каталог-перечень оборудования  |e КПО-05.03.11-04  |f 31 государственный проектный институт специального строительства ; Координационный центр по ценообразованию и сметному нормированию в строительстве 
210 |a Москва  |c [Б. и.]  |d 2004 
215 |a 98 с.  |c ил. 
320 |a Перечень каталогов оборудования с 2000 по 2004 г.: с. 98. 
610 1 |a контрольные кабели 
610 1 |a сигнально-блокировочные кабели 
610 1 |a кабели управления 
610 1 |a судовые кабели 
610 1 |a монтажные кабели 
610 1 |a геофизические кабели 
610 1 |a сейсмические кабели 
610 1 |a нагревательные кабели 
610 1 |a нагревательные провода 
610 1 |a автотракторные кабели 
610 1 |a автотракторные провода 
610 1 |a универсальные провода 
610 1 |a оборудование 
610 1 |a заводы-изготовители 
610 1 |a каталоги-перечни 
610 1 |a КПО-05.03.11-04 
675 |a 621.315.2(085)  |v 3 
675 |a 621.315.3(085)  |v 3 
712 0 2 |a 31 государственный проектный институт специального строительства  |2 stltpush  |3 (RuTPU)RU\TPU\col\10344  |9 24821 
712 0 2 |a Координационный центр по ценообразованию и сметному нормированию в строительстве  |2 stltpush  |3 (RuTPU)RU\TPU\col\12214  |9 25352 
801 1 |a RU  |b 63413507  |c 20080228  |g PSBO 
801 2 |a RU  |b 63413507  |c 20081015  |g PSBO 
942 |c BK